| 000 | 00411cam a22001337a 4500 | ||
|---|---|---|---|
| 008 | 180718b1939 xxu||||| |||| 00| 0 eng d | ||
| 082 | _aA6x54O4 G959 | ||
| 100 | _aGupta, Partul C. | ||
| 245 |
_aBaji Rao II and the East India Company, 1796-1818 _cby Partul C. Gupta |
||
| 260 |
_aLondon _bOxford University Press _c1939 |
||
| 300 | _a219p. | ||
| 650 | _aEast India Company | ||
| 650 | _aIndia - History, 1674-1818 | ||
| 999 |
_c367226 _d367226 |
||